<?xml version="1.0" encoding="UTF-8"?>
<collection xmlns="http://www.loc.gov/MARC21/slim">
 <record>
  <leader>01236nam a2200313 a 4500</leader>
  <controlfield tag="001">1/46960</controlfield>
  <controlfield tag="008">170215s2008    gr       b      1 0 eng d</controlfield>
  <datafield tag="022" ind1=" " ind2=" ">
   <subfield code="a">1109-6691.</subfield>
  </datafield>
  <datafield tag="035" ind1=" " ind2=" ">
   <subfield code="l">49939</subfield>
  </datafield>
  <datafield tag="040" ind1=" " ind2=" ">
   <subfield code="a">DLC</subfield>
   <subfield code="c">GR-PeUP</subfield>
  </datafield>
  <datafield tag="082" ind1="0" ind2="0">
   <subfield code="a">330.04 BOR</subfield>
  </datafield>
  <datafield tag="100" ind1="1" ind2=" ">
   <subfield code="a">Bordo, Michael D.</subfield>
  </datafield>
  <datafield tag="245" ind1="1" ind2="0">
   <subfield code="a">Growing up to financial stability/</subfield>
   <subfield code="c">Michael D. Bordo.</subfield>
  </datafield>
  <datafield tag="260" ind1=" " ind2=" ">
   <subfield code="a">Athens :Bank of Greece ,</subfield>
   <subfield code="b">Economic Research Department: Special Studies Division,</subfield>
   <subfield code="c">2008.</subfield>
  </datafield>
  <datafield tag="300" ind1=" " ind2=" ">
   <subfield code="a">30 p. ;</subfield>
   <subfield code="c">23 cm.</subfield>
  </datafield>
  <datafield tag="490" ind1=" " ind2="0">
   <subfield code="a">Bank of Greece</subfield>
  </datafield>
  <datafield tag="500" ind1=" " ind2=" ">
   <subfield code="a">Includes bibliography.</subfield>
  </datafield>
  <datafield tag="650" ind1=" " ind2="4">
   <subfield code="a">Economic stabilization.</subfield>
  </datafield>
  <datafield tag="650" ind1=" " ind2="4">
   <subfield code="a">Economic development.</subfield>
  </datafield>
  <datafield tag="650" ind1=" " ind2="4">
   <subfield code="a">Financial crises.</subfield>
  </datafield>
  <datafield tag="650" ind1=" " ind2="4">
   <subfield code="a">Οικονομική σταθεροποίηση.</subfield>
  </datafield>
  <datafield tag="650" ind1=" " ind2="4">
   <subfield code="a">Οικονομική ανάπτυξη.</subfield>
  </datafield>
  <datafield tag="650" ind1=" " ind2="4">
   <subfield code="a">Οικονομικές κρίσεις.</subfield>
  </datafield>
  <datafield tag="650" ind1=" " ind2="4">
   <subfield code="a">Οικονομική</subfield>
   <subfield code="x">Λόγοι, δοκίμια, διαλέξεις.</subfield>
  </datafield>
  <datafield tag="650" ind1=" " ind2="4">
   <subfield code="a">Οικονομική</subfield>
   <subfield code="x">Λόγοι, δοκίμια, διαλέξεις.</subfield>
  </datafield>
  <datafield tag="710" ind1="2" ind2="0">
   <subfield code="a">South-East Europe Monetary History Network.</subfield>
  </datafield>
  <datafield tag="710" ind1="2" ind2=" ">
   <subfield code="a">Bank of Greece.</subfield>
  </datafield>
  <datafield tag="830" ind1=" " ind2=" ">
   <subfield code="a">Bank of Greece</subfield>
   <subfield code="p">Working papers; 85.</subfield>
  </datafield>
  <datafield tag="852" ind1=" " ind2=" ">
   <subfield code="a">INST</subfield>
   <subfield code="b">UNIPILB</subfield>
   <subfield code="c">MAIN</subfield>
   <subfield code="e">20170215</subfield>
   <subfield code="h">330.04 BOR</subfield>
   <subfield code="p">00176810</subfield>
   <subfield code="q">00176810</subfield>
   <subfield code="t">LOAN</subfield>
   <subfield code="y">0</subfield>
   <subfield code="4">1</subfield>
  </datafield>
 </record>
</collection>
